| 000 | 00918nam0a2200289 4500 | ||
|---|---|---|---|
| 001 | RU\NLR\bibl\1329469 | ||
| 005 | 20250615163308.0 | ||
| 010 |
_a978-5-9533-3339-9 _95000 |
||
| 021 |
_aRU _b2008-100448 _95910 |
||
| 035 | _a(NLR Aleph) 001314721 | ||
| 090 |
_a701794 _c701794 |
||
| 100 | _a20090213d2008 |||y0rusy50 ca | ||
| 101 | 1 |
_arus _cfre |
|
| 102 | _aRU | ||
| 105 | _ay ||||||||| | ||
| 200 | 1 |
_aЗагадка улицы Блан-Манто _e[роман _eперевод с французского] _fЖан-Франсуа Паро |
|
| 210 |
_aМосква _cВече [и др.] _d2008 |
||
| 215 |
_a348, [3] с. _d21 |
||
| 225 | 1 | _aRetro-детектив | |
| 686 | _aШ6(4Фр)67-446{Лх1649-60} | ||
| 700 | 1 |
_aПаро _bЖ. -Ф. _gЖан-Франсуа _4070 |
|
| 801 | 0 |
_aRU _bNLR _c20090213 _gRCR |
|
| 801 | 1 |
_aRU _bNLR _c20090213 |
|
| 830 | _aпо кн | ||
| 942 | _cBOOK | ||
| 980 | _aNB | ||